Jurujual yang licik

Bibliographic Details
Main Author: Abisha Naim
Format: Book
Published: Kuala Lumpur : Jurus Prinsip Sdn. Bhd , 2007
Series:Siri Keluarga dan Kejiranan
Subjects:

MARC

LEADER 00000cam a2200000 7i4500
001 0000070227
005 20170215.0
008 170215
020 |a 9789833547760(set) 
020 |a 9879833547869 
090 0 0 |a MOR   |b MAL 
100 1 |a Abisha Naim 
245 1 0 |a Jurujual yang licik   |c Abisha Naim 
260 |a Kuala Lumpur :   |b Jurus Prinsip Sdn. Bhd ,   |c 2007 
300 |a 44og :   |b Col.ill 
490 1 |a Siri Keluarga dan Kejiranan 
650 0 |a Malay Fiction 
999 |a 0001049387   |b Book   |c Children Collection   |e Cawangan Taman Universiti 
999 |a 0001049388   |b Book   |c Children Collection   |e Cawangan Tangkak 
999 |a 0001049389   |b Book   |c Children Collection   |e Cawangan Bukit Gambir